|
LDR
| 02510nam a2200613 a 4500 |
|---|
| 001 | 9486 |
|---|
| 003 | CZ-PrJAB |
|---|
| 005 | 20171107143759.0 |
|---|
| 007 | ta |
|---|
| 008 | 071010s2007 xr f 000 0 cze |
|---|
| 015 | | . |
‡acnb001758271 |
|---|
| 020 | | . |
‡a978-80-7325-128-4
‡q(brož.) :
‡cKč 198,00 |
|---|
| 035 | | . |
‡a(CZ PrNK)nkc20071758271 |
|---|
| 035 | | . |
‡a(OCoLC)190753712 |
|---|
| 040 | | . |
‡aABA001
‡bcze
‡dBOA001 |
|---|
| 043 | | . |
‡aee-----
‡aec-----
‡aa------ |
|---|
| 072 | | 7. |
‡a321
‡xPolitologie
‡2Konspekt
‡915 |
|---|
| 080 | | . |
‡a321.64
‡2MRF |
|---|
| 080 | | . |
‡a321.7+342.34
‡2MRF |
|---|
| 080 | | . |
‡a32:316.42
‡2MRF |
|---|
| 080 | | . |
‡a316.323.7:316.42
‡2MRF |
|---|
| 080 | | . |
‡a321
‡2MRF |
|---|
| 080 | | . |
‡a328/329
‡2MRF |
|---|
| 080 | | . |
‡a(1-66)
‡2MRF |
|---|
| 080 | | . |
‡a(048.8)
‡2MRF |
|---|
| 100 | 1 | . |
‡aHolzer, Jan,
‡d1969-
‡7jn20001227544
‡4aut |
|---|
| 245 | 1 | 0. |
‡aPostkomunistické nedemokratické režimy :
‡bstudie k proměnám politické teorie v posttranzitivním čase /
‡cJan Holzer, Stanislav Balík |
|---|
| 250 | | . |
‡a1. vyd. |
|---|
| 260 | | . |
‡aBrno :
‡bCentrum pro studium demokracie a kultury,
‡c2007 |
|---|
| 300 | | . |
‡a223 s. ;
‡c20 cm |
|---|
| 490 | 1 | . |
‡aPolitologická řada ;
‡vsv. č. 25 |
|---|
| 504 | | . |
‡aObsahuje bibliografii a bibliografické odkazy |
|---|
| 650 | 0 | 7. |
‡aautoritativní režimy
‡7ph121092
‡zpostkomunistické země
‡2czenas |
|---|
| 650 | 0 | 7. |
‡atotalitní režimy
‡7ph116468
‡zpostkomunistické země
‡2czenas |
|---|
| 650 | 0 | 7. |
‡ademokracie
‡7ph117182
‡zpostkomunistické země
‡2czenas |
|---|
| 650 | 0 | 7. |
‡apolitická transformace
‡7ph124242
‡zpostkomunistické země
‡2czenas |
|---|
| 650 | 0 | 7. |
‡apostkomunismus
‡7ph124401
‡2czenas |
|---|
| 650 | 0 | 7. |
‡apolitologie
‡7ph115796
‡zpostkomunistické země
‡2czenas |
|---|
| 650 | 0 | 9. |
‡aauthoritarian regimes
‡zpost-communists countries
‡2eczenas |
|---|
| 650 | 0 | 9. |
‡atotalitarian regimes
‡zpost-communists countries
‡2eczenas |
|---|
| 650 | 0 | 9. |
‡ademocracy
‡zpost-communists countries
‡2eczenas |
|---|
| 650 | 0 | 9. |
‡apolitical transformation
‡zpost-communists countries
‡2eczenas |
|---|
| 650 | 0 | 9. |
‡aPost-communism
‡2eczenas |
|---|
| 650 | 0 | 9. |
‡apolitical science
‡zpost-communists countries
‡2eczenas |
|---|
| 651 | | 7. |
‡apostkomunistické země
‡7ge137397
‡xpolitika a vláda
‡2czenas |
|---|
| 651 | | 9. |
‡apost-communists countries
‡xpolitics and government
‡2eczenas |
|---|
| 655 | | 7. |
‡astudie
‡7fd133597
‡2czenas |
|---|
| 655 | | 9. |
‡astudies
‡2eczenas |
|---|
| 700 | 1 | . |
‡aBalík, Stanislav,
‡d1978-
‡7jn20010309401
‡4aut |
|---|
| 830 | | 0. |
‡aPolitologická řada |
|---|
| 856 | 4 | 1. |
‡yObsah
‡uhttp://toc.nkp.cz/NKC/200711/contents/nkc20071758271_1.pdf |
|---|
| 910 | | . |
‡aABG312 |
|---|
| 928 | 9 | . |
‡aCDK (Centrum pro studium demokracie a kultury) |
|---|
| 901 | | . |
‡a9486
‡bUnknown
‡c9486
‡tbiblio |
|---|